| 000 | 01556nam a2200445Ic 4500 | ||
|---|---|---|---|
| 001 | 58065 | ||
| 003 | CO-BoRNBP | ||
| 005 | 20250814222930.0 | ||
| 007 | ta | ||
| 008 | 210809s2016 sp ab er 000 0 spa d | ||
| 020 | _a9788446042426 | ||
| 040 |
_aCO-BoRNBP _bspa _erda _cCO-BoRNBP |
||
| 041 | 1 |
_aspa _heng |
|
| 082 | 0 | 4 |
_a410 _bI57 _222 |
| 082 | 0 | 4 |
_a410 _bI57i / |
| 245 | 1 | 0 |
_aIntroducción a la lingüística / _cAndrew Radford... [y otros cuatro] ; traducción Nuria Bel Rafecas y Antonio Benítez Burraco. |
| 250 | _aSegunda edición | ||
| 264 | 1 |
_aMadird, España : _bEdiciones Akal, _c2016 |
|
| 300 |
_a541 páginas : _bilustraciones, gráficos, diagramas |
||
| 336 |
_atexto _btxt _2rdacontent |
||
| 337 |
_asin mediación _bn _2rdamedia |
||
| 338 |
_avolumen _bnc _2rdacarrier |
||
| 490 | 0 | _aLingüística | |
| 500 | _aIncluye índice, ilustraciones, mapas y tablas | ||
| 504 | _aBibliografía: páginas 533-541 | ||
| 521 | _aRecomendado para un público adulto | ||
| 534 | _tLinguistics: An Introduction | ||
| 650 | 0 | 7 |
_aLingüística _2LEMB _962363 |
| 650 | 0 | 7 |
_aNeurolingüística _2lemb _927579 |
| 650 | 0 | 7 |
_aPsicolingüística _2lemb _92846 |
| 650 | 0 | 7 |
_aSociolingüística _2lemb _915005 |
| 700 |
_aAtkinson, Martin _eaut _962364 |
||
| 700 |
_aBel Rafecas, Nuria _etrl _962365 |
||
| 700 |
_aBenítez Burraco, Antonio _etrl _962366 |
||
| 700 |
_aBritain, David _eaut _962367 |
||
| 700 |
_aClahsen, Harald _eaut _962368 |
||
| 700 |
_aRadford, Andrew, _d1945- _eaut _962369 |
||
| 700 |
_aSpencer, Andrew _eaut _962370 |
||
| 942 |
_2ddc _cBK |
||
| 999 |
_c58065 _d58065 |
||